000 00212nam a2200085Ia 4500
245 0 _aThe sign
100 _a KHOURY, Raymond London, 2009
_976364
942 _cBK
008 210818s9999 xx 000 0 und d
999 _c464454
_d464455